000 00678nam a2200289Ia 4500
005 20260324134524.0
008 008 260324s9999 xx 000 0 eng d
020 _a9780203950845
037 _aEBOOK
040 _aCRL
040 _beng
040 _cCRL
041 _2eng
041 _aeng
084 _qCRL
100 _aBeth LaDow
_91197136
245 4 _aThe Medicine Line
245 0 _bLife and Death on a North American Borderland
260 _bTaylor and Francis
260 _c2001
365 _a
365 _b205
856 _uhttp://www.taylorfrancis.com/books/9780203950845
942 _cEBOOK
999 _c1797325
_d1797325